Statistics for Name the Kpop Girlgroup & member

Click here to take the quiz!

General Stats

  • This quiz has been taken 194 times
  • The average score is 5 of 15

Answer Stats

Answer% Correct
TWICE Mina
92%
ITZY Ryujin
90%
IZ*ONE Yena
52%
Red Velvet Yeri
44%
Oh My Girl Yooa
39%
WJSN Bona
29%
LOONA Gowon
26%
Apink Chorong
22%
Girls Day Yura
15%
fromis_9 Jisun
11%
WekiMeki Sei
8%
April Jinsol
7%
gugudan Nayoung
7%
Cherry Bullet Mirae
4%
Lovelyz Yein
4%

Score Distribution

Percentile by Number Answered

Percent of People with Each Score

Your Score History

You have not taken this quiz